Entrenamiento profesional en el área de influencia de la EEA INTA General Villegas : manejo de cultivos de gruesas y de forrajes /

Guardado en:
Autor Principal: Pasqualini, Rosina.
Autor Corporativo: Universidad Nacional del Sur. Departamento de Agronomía.
Otros Autores: Pellegrini, Cecilia N., (tutor.)
Formato: Libro
Idioma:Spanish
Publicado: Bahía Blanca, 2018.
Etiquetas: Agregar Etiqueta
Sin Etiquetas, Sea el primero en etiquetar este registro!
LEADER 00770nam a22001695a 4500
001 EEA.libagro010965
005 20190211114845.0
008 180328s2018####ag############000#0#spa#d
082 0 4 |a 633 
100 1 |a Pasqualini, Rosina. 
245 1 0 |a Entrenamiento profesional en el área de influencia de la EEA INTA General Villegas :  |b manejo de cultivos de gruesas y de forrajes /  |c Rosina Pasqualini. 
260 |a Bahía Blanca,  |c 2018. 
300 |a 45 h. :  |b il., fot. col. ;  |c 30 cm. 
500 |a Trabajo de intensificación (Ingeniero Agrónomo) -- Universidad Nacional del Sur. Departamento de Agronomía, 2018. 
700 1 |a Pellegrini, Cecilia N.,  |e tutor. 
710 2 |a Universidad Nacional del Sur.  |b Departamento de Agronomía. 
859 |a AR-BbBCA  |b BIB. AGRONOMIA  |h 633  |i P284  |p 2018/6900